Moisés y la religión monoteísta y otros escritos sobre judaísmo y antisemitismo

Guardat en:
Dades bibliogràfiques
Autor principal: Freud, Sigmund (Autor)
Format: Llibre
Idioma:espanyol
Publicat: Madrid Alianza 1984
Edició:4a. ed
Col·lecció:Sección Humanidades
Matèries:
Etiquetes: Afegir etiqueta
Sense etiquetes, Sigues el primer a etiquetar aquest registre!

MARC

LEADER 00000nam a2200000 a 4500
001 UCZ2621
003 CL-VaPUC
008 951005e19840000SP |||||||||||||||||spa|d
082 0 4 |a 296  |b FRE  |2 21 
100 |a Freud, Sigmund  |e author   |9 307892 
245 1 0 |a Moisés y la religión monoteísta y otros escritos sobre judaísmo y antisemitismo 
250 |a 4a. ed 
300 |a 216 p 
942 |c BK 
945 |d 19951005 00:00:00  |a cmena 
260 |a Madrid  |b Alianza  |c 1984 
650 0 |a Judaísmo  |9 269348 
650 7 |a DOCTRINAS RELIGIOSAS  |2 CL-VaPUC  |9 337177 
650 0 |a Religión   |9 255164 
583 |a last modification  |c 19951005 00:00:00  |k Rodrigo Vera 
490 0 |a Sección Humanidades 
999 |c 239189  |d 239187 
952 |0 0  |1 0  |4 0  |6 296_000000000000000_FRE_1984  |7 0  |8 P  |9 250089  |a BIBEDU  |b BIBEDU  |c BIBEDU_PB  |d 2019-11-18  |i 1568868  |o 296 FRE 1984  |p 1568868  |r 2024-01-25  |w 2019-11-18  |y BK  |k FIL